[Event "Guernsey op 34th"]
[Site "Guernsey"]
[Date "2008.10.24"]
[Round "6"]
[White "Goris Schouwstra, Adry"]
[Black "Wagner, Ghislain"]
[Result "1-0"]
[WhiteElo "1943"]
[BlackElo "1897"]
[PlyCount "111"]
[EventDate "2008.10.19"]
[EventType "swiss"]
[EventRounds "7"]
[EventCountry "GCI"]
[SourceTitle "EXT 2009"]
[Source "ChessBase"]
[SourceDate "2008.11.26"]
[SourceVersion "1"]
[SourceVersionDate "2008.11.26"]
[SourceQuality "1"]

1. d4 e6 2. Nf3 b6 3. e3 Bb7 4. Be2 f5 5. 0-0 Nf6 6. c4 Be7 7. Nc3 0-0 8. Qb3 d6 9. Rd1 Qe8 10. d5 e5 11. c5 Na6 12. c6 Bc8 13. Nb5 Bd8 14. Qc4 Nc5 15. b4 Nce4 16. Bb2 Kh8 17. Nc3 a5 18. b5 Qg6 19. Nd2 Ng5 20. Kh1 Nf7 21. f4 Re8 22. Nf1 Ng4 23. Kg1 Bf6 24. h3 Ngh6 25. Rd2 Ng8 26. Nd1 Bd8 27. Nf2 Nf6 28. Rad1 exf4 29. Qxf4 Ne4 30. Nxe4 fxe4 31. Qg3 Qh6 32. Bd4 Rf8 33. Nh2 Bg5 34. Rf1 Kg8 35. Ng4 Bxg4 36. Bxg4 Ne5 37. Be6+ Kh8 38. Rdf2 Rxf2 39. Qxf2 Ng6 40. Qg3 Bh4 41. Qg4 Ne5 42. Qxe4 Bf6 43. a4 Qg5 44. Rf2 Re8 45. Rf5 Qg3 46. Rf2 h6 47. Qf5 Rd8 48. Qh5 Bh4 49. Rf1 Bg5 50. Qe2 Bf6 51. Bxb6 Nc4 52. Rf3 Qxf3 53. Qxf3 Nxb6 54. Qf5 Rf8 55. Qg6 Nc4 56. Bf5 1-0

[Event "Guernsey op 34th"]
[Site "Guernsey"]
[Date "2008.10.19"]
[Round "1"]
[White "Wagner, Ghislain"]
[Black "Goris, Ton"]
[Result "1/2-1/2"]
[WhiteElo "1897"]
[BlackElo "2077"]
[PlyCount "86"]
[EventDate "2008.10.19"]
[EventType "swiss"]
[EventRounds "7"]
[EventCountry "GCI"]
[SourceTitle "EXT 2009"]
[Source "ChessBase"]
[SourceDate "2008.11.26"]
[SourceVersion "1"]
[SourceVersionDate "2008.11.26"]
[SourceQuality "1"]

1. Nf3 Nf6 2. c4 c5 3. g3 Nc6 4. Bg2 e6 5. Nc3 d5 6. cxd5 Nxd5 7. 0-0 Be7 8. Nxd5 exd5 9. d4 c4 10. Ne5 0-0 11. Nxc6 bxc6 12. b3 Ba6 13. bxc4 Bxc4 14. Re1 Re8 15. e4 dxe4 16. Bxe4 Bd5 17. Qc2 Bxe4 18. Qxe4 Qd7 19. Qd3 Bf6 20. Be3 c5 21. Rad1 cxd4 22. Bc1 Qa4 23. Bb2 Qxa2 24. Bxd4 Rxe1+ 25. Rxe1 Qd5 26. Qe3 Qe6 27. Qxe6 fxe6 28. Bxf6 gxf6 29. Rxe6 Kf7 30. Ra6 Kg6 31. Kg2 Kg5 32. f4+ Kg6 33. Kf3 h5 34. h3 Kf5 35. g4+ hxg4+ 36. hxg4+ Kg6 37. g5 Rf8 38. gxf6 Rxf6 39. Rxa7 Rb6 40. Kg4 Rc6 41. Ra5 Rb6 42. Rg5+ Kf6 43. Kh5 Rb1 1/2-1/2